Title in the Lyrics -- Songs That Start With A #2 - Statistics

General Stats
  • This quiz has been taken 703 times
  • The average score is 6 of 15
Answer Stats
Lyrics Title % Correct
Because you know I'm ___ _____ ____ ____ / 'Bout that bass, no treble All About That Bass
90%
'Cause baby / There _____ __ ________ ____ ______ / Ain't no valley low enough Ain't No Mountain High Enough
81%
I live for the ________, ________, ________ / I live for the ________-plause / Live for the ________-plause Applause
67%
I just want you for my own / More than you could ever know / Make my wish come true / ___ _ ____ _________ __ ___ All I Want For Christmas is You
64%
Baby, I'm preying on you tonight / Hunt you down eat you alive / Just like _______ Animals
55%
Oh I, oh, I'm still _____ / Hey, I, I, oh, I'm still _____ / Hey I, oh, I'm still _____ / Hey...oh... Alive
47%
Girl, you're my _____, you're my darling _____ / Closer than my peeps you are to me, baby Angel
39%
Should auld acquaintance be forgot / And never brought to mind / Should auld acquaintance be forgot / And days of ____ ____ ____ Auld Lang Syne
38%
I wish that I could wake up with _______ / And forget about the stupid little things Amnesia
33%
Some people wait a lifetime for _ ______ ____ ____ / Some people search forever for that one special kiss A Moment Like This
26%
___ __ ______ I will send to you / ___ __ ______, darling I'll be true All My Loving
17%
What else should I be? / ___ _________ / What else could I say? / Everyone is gay All Apologies
13%
I like pleasure spiked with pain / And music is my _________ / It's my _________ Aeroplane
7%
Walk right in, it's around the back / Just a half a mile from the railroad track / You can get anything that you want at _______ __________ Alice's Restaurant
7%
_____ __ ________ __ ___ / We're on the move / _____ __ ________ __ ___ / We've got the groove Ain't No Stoppin' Us Now
5%
No matching quizzes found
Score Distribution
Percent of People with Each Score
Percentile by Number Answered
Your Score History
You have not taken this quiz